000
00303nam a2200133Ia 4500
005
20260326235456.0
008
260326s9999||||xx |||||||||||||| ||und||
100
_a
Suma, Stefania
245
0
_a
Gae Aulenti /
_c
Stefania Suma
260
_b
Motta
300
_a
119 p.
650
_a
ARQUITECTOS
942
_c
BK
999
_c
7935
_d
7935